[Event "Warren (Warmup"]
[Site "?"]
[Date "1994.??.??"]
[Round "?"]
[White "Mankiewicz, Ryan"]
[Black "Drkulec, Vladimir"]
[Result "0-1"]
[WhiteElo "1835"]
[BlackElo "2225"]
[PlyCount "110"]
[EventDate "1994.??.??"]

1. e4 e5 2. Nf3 Nc6 3. d4 exd4 4. Bc4 Bc5 5. O-O d6 6. c3 dxc3 7. Qb3 Qd7 8.
Qxc3 Nf6 9. Bg5 Bb4 10. Qc2 Ng4 11. h3 Nge5 12. Nxe5 Nxe5 13. f4 Bc5+ 14. Kh1
Nxc4 15. Qxc4 O-O 16. f5 b5 17. Qc3 Bb7 18. f6 Bxe4 19. Nd2 Bb7 20. Qg3 g6 21.
Be3 Qc6 22. Bxc5 dxc5 23. Nf3 Qxf6 24. Nh2 Qd6 25. Qh4 f5 26. Rad1 Qc6 27. Nf3
Rae8 28. Rf2 Re4 29. Qh6 Re7 30. Ng5 Rfe8 31. Re2 Qf6 32. Nxh7 Qg7 33. Rxe7
Qxh6 34. Rxe8+ Kf7 35. Rf8+ Ke7 36. Re1+ Be4 37. Kh2 Qxh7 38. Ra8 Kd7 39. Rd1+
Kc6 40. Rxa7 Kb6 41. Ra3 Qg7 42. Rd2 Qe5+ 43. Kg1 c4 44. Rc3 Bd3 45. Rd1 Qe2
46. Rdxd3 cxd3 47. a4 Qe1+ 48. Kh2 Qxc3 49. a5+ Qxa5 50. b4 Qxb4 51. g4 Qf4+
52. Kg2 fxg4 53. hxg4 d2 54. Kh3 d1=Q 55. Kh4 Qh1# 0-1

[Event "Detroit (Class B/4/5)"]
[Site "?"]
[Date "1994.??.??"]
[Round "?"]
[White "Mankiewicz, Ryan"]
[Black "Collins, Charles"]
[Result "1-0"]
[WhiteElo "1745"]
[BlackElo "1700"]
[PlyCount "77"]
[EventDate "1994.??.??"]

{4/(5)} 1. c4 Nf6 2. g3 d5 3. cxd5 Nxd5 4. Bg2 g6 5. Nf3 Bg7 6. O-O Nc6 7. Nc3
Nb6 8. b3 h6 9. Bb2 Be6 10. Rc1 Qd7 11. Qc2 Bh3 12. Rfd1 Bxg2 13. Kxg2 Rd8 14.
Ne4 Bxb2 15. Qxb2 f6 16. Nc5 Qc8 17. Qc2 Kf7 18. Nxb7 Qxb7 19. Qxc6 Qxc6 20.
Rxc6 Rd7 21. Rdc1 Rc8 22. d3 Nd5 23. a3 e5 24. Nd2 Ne7 25. Ra6 c6 26. Ra4 f5
27. Nc4 Ke6 28. Na5 c5 29. Rac4 Rdc7 30. b4 Kd6 31. Rxc5 Rxc5 32. Nb7+ Kd5 33.
Rxc5+ Rxc5 34. Nxc5 a5 35. Na6 axb4 36. Nxb4+ Kc5 37. Kf3 Nd5 38. Nxd5 Kxd5 39.
Ke3 1-0

[Event "Detroit (MCO/A/7/9)"]
[Site "?"]
[Date "1994.??.??"]
[Round "?"]
[White "Mankiewicz, Ryan"]
[Black "Bauerle, Paul"]
[Result "0-1"]
[WhiteElo "1835"]
[BlackElo "1950"]
[PlyCount "84"]
[EventDate "1994.??.??"]

{7/(9)} 1. e4 e6 2. c4 Nc6 3. Nc3 Nf6 4. d4 Bb4 5. e5 Ne4 6. Qc2 d5 7. a3 Nxd4
8. Qd3 Bxc3+ 9. bxc3 Nb3 10. Rb1 Nxc1 11. Rxc1 Qg5 12. Qe3 Qxe3+ 13. fxe3 dxc4
14. Bxc4 Bd7 15. Nf3 c5 16. Bd3 Bc6 17. O-O O-O 18. Bxe4 Bxe4 19. Nd2 Bd3 20.
Rf4 Rfd8 21. Nb3 b6 22. a4 Rd5 23. Rd1 Rad8 24. Nc1 Ba6 25. Rxd5 Rxd5 26. Nb3
Rxe5 27. Kf2 Rd5 28. a5 c4 29. axb6 axb6 30. Nd4 e5 31. Re4 f6 32. Nc6 Rd2+ 33.
Kg3 Bb7 34. Rxc4 Kf8 35. e4 Ba6 36. Ra4 Bf1 37. Rb4 Bxg2 38. Rxb6 Bxe4 39. Nb4
Kf7 40. h4 f5 41. Ra6 f4+ 42. Kh3 Bf5# 0-1

[Event "Eastpointe (US Am N/6/4)"]
[Site "?"]
[Date "1994.??.??"]
[Round "?"]
[White "Mankiewicz, Ryan"]
[Black "Ball, Ed"]
[Result "1-0"]
[WhiteElo "1770"]
[BlackElo "1995"]
[PlyCount "98"]
[EventDate "1994.??.??"]

{6/(4)} 1. e4 f5 2. exf5 e5 3. Qh5+ Ke7 4. Nc3 Nf6 5. Qg5 d5 6. Nf3 Nc6 7. b3
Kf7 8. Bb5 Bd6 9. Bxc6 bxc6 10. Bb2 Re8 11. O-O-O e4 12. Nd4 c5 13. Ne6 Bxe6
14. fxe6+ Rxe6 15. Nxd5 Be5 16. Bxe5 Nxd5 17. Qxg7+ Ke8 18. Qg8+ Kd7 19. Qxh7+
Qe7 20. Qxe7+ Kxe7 21. Bb2 Ra6 22. Kb1 c4 23. Rde1 cxb3 24. Rxe4+ Kf7 25. axb3
Rg6 26. g3 Nf6 27. Rf4 Re8 28. Rxf6+ Rxf6 29. Bxf6 Kxf6 30. Rf1 Kf5 31. Kc1 Kg4
32. f3+ Kh3 33. Rf2 c5 34. Kb2 Re1 35. c3 a5 36. f4 Re8 37. f5 Rf8 38. f6 Rf7
39. d4 cxd4 40. cxd4 Kg4 41. d5 Kg5 42. d6 Rxf6 43. Rxf6 Kxf6 44. Ka3 Ke6 45.
Ka4 Kxd6 46. Kxa5 Kc7 47. b4 Kb7 48. b5 Ka7 49. b6+ Kb7 1-0

[Event "Eastpointe (US Am N/5/5)"]
[Site "?"]
[Date "1994.??.??"]
[Round "?"]
[White "Mankiewicz, Ryan"]
[Black "Applebee, J."]
[Result "1/2-1/2"]
[WhiteElo "1770"]
[BlackElo "2110"]
[PlyCount "120"]
[EventDate "1994.??.??"]

{5/(5)} 1. g4 d5 2. Bg2 Bxg4 3. c4 Nf6 4. cxd5 Nbd7 5. d6 exd6 6. Bxb7 Rb8 7.
Bf3 Ne5 8. Qa4+ Bd7 9. Qxa7 Be7 10. Qa3 d5 11. Qc3 Bd6 12. b3 c5 13. Bb2 d4 14.
Qc2 g6 15. Na3 Bf5 16. d3 Nfg4 17. Bxg4 Nxg4 18. Nf3 Qe7 19. Nc4 Bc7 20. Ba3
Ra8 21. h3 Ne5 22. Nfxe5 Bxe5 23. Nxe5 Rxa3 24. Nc4 Ra6 25. e4 dxe3 26. Nxe3
O-O 27. Kf1 Qe5 28. Rc1 Rd8 29. Nxf5 Qxf5 30. d4 Qf3 31. Rh2 Rxd4 32. Qe2 Qxe2+
33. Kxe2 Rxa2+ 34. Ke3 Rb4 35. Rxc5 Rxb3+ 36. Kd4 Rf3 37. Ke4 Raxf2 38. Rxf2
Rxf2 39. Rc3 Kg7 40. Ke3 Rf6 41. Rc4 Re6+ 42. Kf3 h5 43. Ra4 g5 44. Ra5 Kg6 45.
Rb5 Ra6 46. Rb3 h4 47. Rc3 f5 48. Rb3 Kh5 49. Rb5 Ra3+ 50. Kg2 Rg3+ 51. Kh2 Rf3
52. Kg2 Rf4 53. Ra5 g4 54. hxg4+ Kxg4 55. Ra8 h3+ 56. Kh2 Rf2+ 57. Kg1 Rg2+ 58.
Kh1 f4 59. Rg8+ Kf3 60. Rf8 Kg3 1/2-1/2

[Event "Eastpointe (EDO/5/17)"]
[Site "?"]
[Date "1994.??.??"]
[Round "?"]
[White "Manion, Tom"]
[Black "Webster, F."]
[Result "1-0"]
[WhiteElo "1805"]
[BlackElo "1605"]
[PlyCount "123"]
[EventDate "1994.??.??"]

{5/(17)} 1. e4 e5 2. Nf3 Nc6 3. Bb5 a6 4. Ba4 Nf6 5. O-O b5 6. Bb3 Be7 7. Re1
O-O 8. c3 d6 9. h3 Re8 10. d4 exd4 11. cxd4 Na5 12. Bc2 Bb7 13. Bf4 Nd7 14.
Nbd2 Nc4 15. Nxc4 bxc4 16. Nd2 Bf6 17. Nxc4 Bg5 18. Qg4 Bxf4 19. Qxf4 Qf6 20.
Qxf6 Nxf6 21. e5 dxe5 22. dxe5 Nh5 23. Be4 Bxe4 24. Rxe4 Rab8 25. g4 Nf6 26.
Rd4 c5 27. Rd6 Ne4 28. Rxa6 Ng5 29. Kg2 Rb4 30. b3 h6 31. Rd1 Ne6 32. Rd7 Rbb8
33. Raa7 Rf8 34. Nd6 Nd8 35. f4 Nc6 36. Rac7 Rbd8 37. Rxd8 Nxd8 38. f5 g6 39.
Rxc5 gxf5 40. gxf5 Kh7 41. Rc3 Rg8+ 42. Rg3 Rxg3+ 43. Kxg3 Kg7 44. b4 Nc6 45.
b5 Nxe5 46. b6 Kf6 47. b7 Nd7 48. Kf4 Ke7 49. Nb5 Kd8 50. f6 Nb8 51. Ke4 Kd7
52. Kd5 Na6 53. a4 h5 54. h4 Nb8 55. a5 Na6 56. Ke5 Kc6 57. Nd6 Kc7 58. Kd5 Nb8
59. Nxf7 Kxb7 60. Kd6 Nc6 61. Ne5 Nd8 62. Ke7 1-0

[Event "Grand Rapids (MI Am/2/16)"]
[Site "?"]
[Date "1994.??.??"]
[Round "?"]
[White "Manion, Tom"]
[Black "Troupe, D."]
[Result "1-0"]
[WhiteElo "1820"]
[BlackElo "1605"]
[PlyCount "59"]
[EventDate "1994.??.??"]

{2/(16)} 1. e4 e5 2. Nf3 Nc6 3. Bb5 Nge7 4. d4 exd4 5. Nxd4 Nxd4 6. Qxd4 c6 7.
Bc4 d5 8. exd5 Nxd5 9. Bxd5 Qxd5 10. Qxd5 cxd5 11. Nc3 Bb4 12. Bd2 Be6 13.
O-O-O O-O-O 14. Nb5 Bc5 15. Bc3 f6 16. Rhe1 Rhe8 17. Bd4 b6 18. Nxa7+ Kb7 19.
Nb5 Kc6 20. a4 Bf7 21. f3 Rxe1 22. Rxe1 Bxd4 23. Nxd4+ Kd6 24. Nf5+ Kc5 25. Re7
Bg6 26. Rc7+ Kb4 27. c3+ Kxa4 28. Ra7+ Kb5 29. Nd4+ Kc5 30. Ne6+ 1-0

[Event "Eastpointe (EDO/3/20)"]
[Site "?"]
[Date "1994.??.??"]
[Round "?"]
[White "Manion, Tom"]
[Black "Roome, E."]
[Result "1-0"]
[WhiteElo "1805"]
[BlackElo "1605"]
[PlyCount "39"]
[EventDate "1994.??.??"]

{3/(20)} 1. e4 e6 2. d3 d5 3. Nd2 Nf6 4. e5 Nfd7 5. f4 c5 6. Ngf3 Nc6 7. g3 Be7
8. Bg2 O-O 9. O-O f6 10. Qe2 Qb6 11. c3 d4 12. exf6 Nxf6 13. c4 Re8 14. Ng5 Nd8
15. Nde4 Nxe4 16. Bxe4 Bxg5 17. Qh5 g6 18. Bxg6 Re7 19. fxg5 Rg7 20. Bxh7+ 1-0

[Event "Eastpointe (EDO/1b/14)"]
[Site "?"]
[Date "1994.??.??"]
[Round "?"]
[White "Manion, Tom"]
[Black "Melton, J."]
[Result "1-0"]
[WhiteElo "1805"]
[BlackElo "1605"]
[PlyCount "45"]
[EventDate "1994.??.??"]

1. e4 e5 2. Nf3 Nc6 3. Bb5 d6 4. d4 Bd7 5. Nc3 a6 6. Bxc6 bxc6 7. dxe5 f6 8.
exd6 Bxd6 9. b3 Qe7 10. Qe2 c5 11. Nd5 Qd8 12. e5 Bb5 13. c4 Bxe5 14. Nxe5 fxe5
15. Qxe5+ Ne7 16. Nxc7+ Kd7 17. Nxa8 Qxa8 18. Bg5 Re8 19. O-O-O+ Kc8 20. Qe6+
Kb7 21. cxb5 axb5 22. Rd7+ Kb8 23. Qb6+ 1-0

[Event "Grand Rapids (MI Am/4/1)"]
[Site "?"]
[Date "1994.??.??"]
[Round "?"]
[White "Manion, Tom"]
[Black "Evans Sr., Thomas"]
[Result "0-1"]
[WhiteElo "1820"]
[BlackElo "1910"]
[PlyCount "102"]
[EventDate "1994.??.??"]

{4/(1)} 1. e4 e5 2. Nf3 Nc6 3. Bb5 d6 4. d4 Bd7 5. Nc3 exd4 6. Nxd4 Nxd4 7.
Qxd4 Bxb5 8. Nxb5 Qd7 9. c4 Nf6 10. Bg5 Be7 11. O-O O-O 12. e5 Ne8 13. Bxe7
Qxe7 14. Rfe1 dxe5 15. Rxe5 Qf6 16. Rae1 a6 17. Nc3 Nd6 18. Ne4 Nxe4 19. Qxe4
g6 20. g3 c6 21. b3 Rad8 22. Kg2 Kg7 23. Qf3 Qxf3+ 24. Kxf3 Rd2 25. Re7 b5 26.
Rc7 bxc4 27. bxc4 Rxa2 28. Rxc6 Rd8 29. Re2 Ra3+ 30. Re3 Ra1 31. Rc7 Rd6 32.
Re2 Rc1 33. Kg2 a5 34. Ra2 Ra6 35. c5 a4 36. Ra3 h5 37. h4 Kh6 38. Rf3 f6 39.
Rd3 g5 40. hxg5+ Kxg5 41. Rd5+ Kg6 42. Rd6 Ra8 43. Rdd7 Ra5 44. Rg7+ Kf5 45.
Rh7 a3 46. Rxh5+ Kg6 47. Rhh7 a2 48. g4 Kg5 49. Rhg7+ Kf4 50. Rgd7 a1=Q 51. c6
Rg1+ 0-1

[Event "Detroit (MCO/Ch/1a/4)"]
[Site "?"]
[Date "1994.??.??"]
[Round "?"]
[White "Manion, Josh"]
[Black "Rajlich, Vasik"]
[Result "1/2-1/2"]
[WhiteElo "2415"]
[BlackElo "2120"]
[PlyCount "82"]
[EventDate "1994.??.??"]

1. d4 d5 2. c4 e6 3. Nc3 c6 4. Nf3 dxc4 5. Bg5 f6 6. Bf4 b5 7. e4 Bb4 8. g3 Ne7
9. Bg2 Nd7 10. O-O Bb7 11. Qe2 Bxc3 12. bxc3 Nb6 13. h4 Ng6 14. Bd2 Qe7 15. e5
f5 16. h5 Nf8 17. h6 gxh6 18. Bxh6 Rg8 19. Qd2 Kd7 20. Rfb1 Kc7 21. a4 bxa4 22.
Qa2 Ng6 23. Bc1 h5 24. Ba3 Qd8 25. Bd6+ Kd7 26. Nd2 h4 27. Nxc4 Nf4 28. Na5 Qc8
29. Nxb7 Qxb7 30. c4 Nxg2 31. Kxg2 c5+ 32. d5 exd5 33. cxd5 Qxd5+ 34. Qxd5 Nxd5
35. Bxc5 Rac8 36. Rc1 hxg3 37. fxg3 f4 38. Rxa4 Rxg3+ 39. Kf2 Nc3 40. Rxf4 Rxc5
41. Kxg3 Ne2+ 1/2-1/2

[Event "Eastpointe (MI Action/4/5)"]
[Site "?"]
[Date "1994.??.??"]
[Round "?"]
[White "Mailing, Ian"]
[Black "Rosenberg, Steve"]
[Result "1-0"]
[WhiteElo "2075"]
[BlackElo "1815"]
[PlyCount "64"]
[EventDate "1994.??.??"]

{4/(5)} 1. e4 d5 2. exd5 Qxd5 3. Nc3 Qa5 4. d4 e5 5. d5 Nf6 6. Bc4 Ne4 7. Qe2
Nxc3 8. Qxe5+ Be7 9. Bd2 f6 10. Qxc3 Qxc3 11. Bxc3 Bf5 12. O-O-O Nd7 13. Ne2
O-O-O 14. Nd4 g6 15. Nxf5 gxf5 16. Rhe1 Rde8 17. Bd3 f4 18. Bf5 Kd8 19. Re2
Rhf8 20. Bxh7 Bc5 21. Rde1 Rxe2 22. Rxe2 Rh8 23. Bg6 Rg8 24. Be4 Re8 25. Kd2
Bxf2 26. Bf5 Be3+ 27. Ke1 Ne5 28. Kf1 Rh8 29. g3 fxg3 30. hxg3 Rh1+ 31. Kg2
Rg1+ 32. Kh3 Bg5 1-0

[Event "Eastpointe (MI Action/2/8)"]
[Site "?"]
[Date "1994.??.??"]
[Round "?"]
[White "Mailing, Ian"]
[Black "Link, J."]
[Result "1-0"]
[WhiteElo "2075"]
[BlackElo "1740"]
[PlyCount "53"]
[EventDate "1994.??.??"]

{2/(8)} 1. e4 e5 2. f4 d6 3. Nf3 Nc6 4. Bc4 exf4 5. d4 Bg4 6. O-O Qd7 7. Bxf4
O-O-O 8. Bb5 a6 9. Ba4 b5 10. Bb3 f5 11. d5 Na5 12. Qe1 fxe4 13. Nd4 Nb7 14. a4
Ne7 15. axb5 Nc5 16. bxa6 Kb8 17. Bc4 c6 18. Nc3 cxd5 19. Nxd5 Rc8 20. a7+ Ka8
21. Nb6+ Kb7 22. Nxd7 Nc6 23. Nxc6 Kxc6 24. Nxc5 dxc5 25. Qxe4+ Kd7 26. Bb5+
Kd8 27. Qe8# 1-0

[Event "Eastpointe (MI Action/4/20)"]
[Site "?"]
[Date "1994.??.??"]
[Round "?"]
[White "Mailing, Don"]
[Black "Torres, D."]
[Result "1-0"]
[WhiteElo "1605"]
[BlackElo "1605"]
[PlyCount "37"]
[EventDate "1994.??.??"]

{4/(20)} 1. e4 c5 2. Nf3 Nc6 3. c3 e5 4. Be2 Nf6 5. d3 c4 6. O-O d5 7. exd5
Nxd5 8. dxc4 Nf4 9. Bxf4 exf4 10. Re1 Bg4 11. Nbd2 Bxf3 12. Bxf3+ Ne7 13. Bxb7
Rb8 14. Bc6+ Qd7 15. Bxd7+ Kxd7 16. Ne4+ Kc7 17. Qd6+ Kc8 18. Nc5 f5 19. Qd7#
1-0

[Event "Detroit (Class DE/3/9)"]
[Site "?"]
[Date "1994.??.??"]
[Round "?"]
[White "Mailing, Don"]
[Black "McNamara, Ron"]
[Result "1/2-1/2"]
[WhiteElo "1605"]
[BlackElo "1605"]
[PlyCount "59"]
[EventDate "1994.??.??"]

{3/(9)} 1. d4 Nf6 2. Nf3 e6 3. c4 c6 4. c5 d5 5. Nc3 Nbd7 6. Bf4 Qa5 7. Bd2 Qc7
8. e3 b6 9. b4 a5 10. a3 Be7 11. Bd3 Ba6 12. Bxa6 Rxa6 13. b5 Ra8 14. bxc6 Qxc6
15. cxb6 Nxb6 16. O-O Nc4 17. a4 Bb4 18. Nb5 Ne4 19. Bxb4 axb4 20. Rc1 Qb6 21.
Ne5 Nb2 22. Nc7+ Qxc7 23. Rxc7 Nxd1 24. Rxd1 O-O 25. Ra1 Nc3 26. Rb7 f6 27. Nc6
Rxa4 28. Rxa4 Nxa4 29. Rxb4 Ra8 30. g3 1/2-1/2

[Event "Eastpointe (MI Action/6/20)"]
[Site "?"]
[Date "1994.??.??"]
[Round "?"]
[White "Mailing, Don"]
[Black "Manus, J."]
[Result "1-0"]
[WhiteElo "1605"]
[BlackElo "1605"]
[PlyCount "57"]
[EventDate "1994.??.??"]

{6/(20)} 1. e4 e5 2. Nf3 Nc6 3. Bb5 a6 4. Ba4 Nf6 5. Nc3 b5 6. Bb3 Be7 7. O-O
O-O 8. d3 Nd4 9. Nxd4 exd4 10. Nd5 c6 11. Nxe7+ Qxe7 12. Bg5 a5 13. c3 Qe5 14.
f4 Qc5 15. cxd4 Qxd4+ 16. Kh1 Qxb2 17. Rb1 Qd4 18. Qf3 Ba6 19. Bxf6 Qxf6 20. e5
Qf5 21. g4 Qg6 22. f5 Qg5 23. Rf2 Qe7 24. d4 Rab8 25. f6 Qd8 26. g5 a4 27. Rg1
g6 28. Qh3 axb3 29. Qh6 1-0

[Event "Detroit (Class DE/5/7)"]
[Site "?"]
[Date "1994.??.??"]
[Round "?"]
[White "Mailing, Don"]
[Black "Gaiefsky, S."]
[Result "1-0"]
[WhiteElo "1605"]
[BlackElo "1605"]
[PlyCount "63"]
[EventDate "1994.??.??"]

{5/(7)} 1. d4 g6 2. Nf3 Bg7 3. e4 d6 4. Nc3 Nf6 5. Bg5 O-O 6. Be2 Nbd7 7. O-O
c5 8. dxc5 Nxc5 9. Bd3 Ng4 10. h3 Ne5 11. Nxe5 dxe5 12. Qe2 Ne6 13. Be3 b6 14.
Rad1 Qc7 15. Nd5 Qb7 16. b3 Nd4 17. Qd2 e6 18. Nc3 Bd7 19. a4 a6 20. Ne2 Bc6
21. f3 f5 22. Bc4 fxe4 23. Nxd4 exd4 24. Bxe6+ Kh8 25. Bxd4 Rad8 26. Bxg7+ Kxg7
27. Qc3+ Kh6 28. Rxd8 Rxd8 29. Qe3+ Kg7 30. fxe4 Qa8 31. Rf7+ Kh8 32. Qc3+ 1-0

[Event "Detroit (Class DE/1/6)"]
[Site "?"]
[Date "1994.??.??"]
[Round "?"]
[White "Mailing, Don"]
[Black "Dohm, F."]
[Result "0-1"]
[WhiteElo "1605"]
[BlackElo "1605"]
[PlyCount "66"]
[EventDate "1994.??.??"]

{1/(6)} 1. d4 d5 2. c4 c6 3. Nf3 Nf6 4. Bg5 Ne4 5. Bh4 Nd7 6. Nc3 Qa5 7. Qc2 e6
8. a3 Nd6 9. b4 Qc7 10. Bg3 Qd8 11. e3 Nf6 12. Bd3 b6 13. O-O Be7 14. c5 bxc5
15. bxc5 Nb7 16. Ne5 Na5 17. Qa4 O-O 18. Rfb1 Nh5 19. Nxc6 Nxc6 20. Qxc6 Bd7
21. Qa6 Nxg3 22. fxg3 Bg5 23. e4 Be3+ 24. Kh1 Bxd4 25. Rb3 Bxc5 26. exd5 Bd4
27. Rf1 Rc8 28. Ne2 Bf6 29. Nf4 e5 30. Nh3 Bxh3 31. gxh3 Qxd5+ 32. Kg1 Qxb3 33.
Be4 Qe3+ 0-1

[Event "Eastpointe (MI Action/2/17)"]
[Site "?"]
[Date "1994.??.??"]
[Round "?"]
[White "Mailing, Don"]
[Black "Banks, David"]
[Result "1-0"]
[WhiteElo "1605"]
[BlackElo "1605"]
[PlyCount "49"]
[EventDate "1994.??.??"]

{2/(17)} 1. e4 e5 2. Nf3 d6 3. Bc4 Be7 4. O-O Bg4 5. d3 Bxf3 6. Qxf3 Nf6 7. Nc3
O-O 8. Be3 Nbd7 9. Qg3 Nh5 10. Qf3 Ndf6 11. Bg5 g6 12. Rad1 c6 13. d4 d5 14.
dxe5 dxc4 15. Rxd8 Raxd8 16. exf6 Bb4 17. a3 Bxc3 18. Qxc3 b5 19. g4 Nxf6 20.
Bxf6 Rd6 21. e5 Rd5 22. g5 Ra8 23. Qh3 Rd2 24. Qh6 Rxc2 25. Qg7# 1-0

[Event "Romulus (RVO/1/17)"]
[Site "?"]
[Date "1994.??.??"]
[Round "?"]
[White "Mahabir, Jagdesh"]
[Black "Ward, Tim"]
[Result "0-1"]
[WhiteElo "1605"]
[BlackElo "1870"]
[PlyCount "52"]
[EventDate "1994.??.??"]

{1/(17)} 1. d4 e6 2. e3 f5 3. f4 Nf6 4. Bd3 b6 5. Nc3 Bb7 6. Nf3 Be7 7. Qe2 d5
8. Bd2 Ne4 9. Ne5 O-O 10. O-O-O c5 11. Bxe4 dxe4 12. Qc4 Bd5 13. Nxd5 exd5 14.
Qb5 a6 15. Qe2 cxd4 16. exd4 Qc7 17. g4 Nc6 18. Rhg1 Nxd4 19. Qc4 dxc4 20. Kb1
Nf3 21. Nxf3 exf3 22. gxf5 Rxf5 23. Bc3 Bf6 24. Bb4 Rd8 25. Rgf1 Rxd1+ 26. Rxd1
f2 0-1

[Event "Detroit (Class DE/1/13)"]
[Site "?"]
[Date "1994.??.??"]
[Round "?"]
[White "Mahabir, Jagdesh"]
[Black "Shelton, G."]
[Result "1-0"]
[WhiteElo "1605"]
[BlackElo "1605"]
[PlyCount "119"]
[EventDate "1994.??.??"]

{1/(13)} 1. e4 e5 2. Nf3 Nc6 3. Nc3 Nf6 4. Bc4 Bc5 5. d3 d6 6. O-O O-O 7. Be3
Bxe3 8. fxe3 Re8 9. Ng5 Re7 10. Qf3 h6 11. Nh3 Be6 12. Qg3 Qd7 13. Rxf6 Bg4 14.
Rf2 Na5 15. Bd5 c6 16. Bb3 Nxb3 17. axb3 g5 18. Rd2 f5 19. exf5 Qxf5 20. Rf1
Qe6 21. Nf2 Bh5 22. Nfe4 Rf8 23. Rxf8+ Kxf8 24. Rf2+ Rf7 25. Rxf7+ Bxf7 26. Qf2
Kg7 27. d4 Bg6 28. dxe5 Bxe4 29. Nxe4 Qxe5 30. Nc3 d5 31. e4 d4 32. Qg3 Qxg3
33. hxg3 dxc3 34. bxc3 Kf6 35. Kf2 Ke5 36. Ke3 h5 37. Kd3 a6 38. Ke3 b6 39. Kd3
c5 40. b4 g4 41. Ke3 a5 42. bxa5 bxa5 43. Kd3 a4 44. Kc4 Kxe4 45. Kxc5 Ke3 46.
Kb4 Kf2 47. c4 Kxg3 48. c5 Kxg2 49. c6 a3 50. Kxa3 h4 51. c7 h3 52. c8=Q h2 53.
Qc6+ Kh3 54. Qh1 g3 55. Qf1+ Kg4 56. Qg2 Kh4 57. c4 Kg4 58. c5 Kf5 59. c6 h1=Q
60. Qxh1 1-0

[Event "Detroit (MCO/DEU/1a/9)"]
[Site "?"]
[Date "1994.??.??"]
[Round "?"]
[White "Mahabir, Jagdesh"]
[Black "Scales, H."]
[Result "0-1"]
[WhiteElo "1605"]
[BlackElo "1605"]
[PlyCount "178"]
[EventDate "1994.??.??"]

1. d4 d5 2. e3 Nf6 3. Bd3 e6 4. Nd2 Be7 5. c3 Nc6 6. f4 Bd7 7. Ngf3 Bd6 8. O-O
Qe7 9. Ne5 O-O-O 10. Qa4 Nxe5 11. Qxa7 Nc6 12. Qa8+ Nb8 13. a4 Bc6 14. Bb5 Qd7
15. Bd3 Qe7 16. Bb5 Qd7 17. Bd3 h5 18. Nf3 h4 19. Ne5 Bxe5 20. fxe5 Ne4 21. b4
Nxc3 22. b5 Nxb5 23. axb5 Bxb5 24. Bxb5 Qxb5 25. Rxf7 Rdf8 26. Rxf8+ Rxf8 27.
Bd2 h3 28. Qa3 Rf7 29. Re1 g5 30. gxh3 Qe8 31. Qd3 Qh8 32. Qg6 Qe8 33. Qxg5 Qf8
34. Kh1 Rf2 35. Bc1 Qf3+ 36. Kg1 Qf8 37. Ba3 Qf7 38. Qh4 Rf5 39. Qh8+ Kd7 40.
Qh4 Qg7+ 41. Kh1 Nc6 42. Rg1 Qf7 43. Qg3 Rf1 44. Qg2 Rxg1+ 45. Kxg1 Na5 46. h4
Nc4 47. Bc1 b5 48. Qa2 Qf3 49. Qf2 Qg4+ 50. Kh1 b4 51. Qf7+ Kc6 52. Qf2 b3 53.
Qg1 Qxh4 54. Qg2 Qe1+ 55. Qg1 Qxg1+ 56. Kxg1 b2 57. Bxb2 Nxb2 58. h4 Kd7 59.
Kg2 Ke7 60. Kg3 Kf7 61. Kf4 Nc4 62. e4 c6 63. exd5 cxd5 64. h5 Nb6 65. Kg5 Nd7
66. Kg4 Nf8 67. Kg5 Nh7+ 68. Kg4 Kg7 69. Kf4 Kh6 70. Kg4 Ng5 71. Kf4 Kxh5 72.
Ke3 Kg4 73. Kd3 Kf4 74. Kc2 Ke3 75. Kc3 Ne4+ 76. Kb4 Kxd4 77. Kb3 Kxe5 78. Kc2
Kd4 79. Kd1 Nc3+ 80. Kd2 e5 81. Ke1 e4 82. Kd2 e3+ 83. Kc2 Kc4 84. Kc1 Kd3 85.
Kb2 e2 86. Kb3 e1=Q 87. Ka3 Kc4 88. Kb2 Qb1+ 89. Ka3 Qb3# 0-1

[Event "Grand Rapids (MI Am/2/23)"]
[Site "?"]
[Date "1994.??.??"]
[Round "?"]
[White "Mahabir, Jagdesh"]
[Black "Posthumus, J."]
[Result "0-1"]
[WhiteElo "1605"]
[BlackElo "1855"]
[PlyCount "102"]
[EventDate "1994.??.??"]

{2/(23)} 1. d4 Nf6 2. f4 d6 3. c3 g6 4. Nf3 Bg7 5. Nbd2 O-O 6. e4 c5 7. Bd3 Bg4
8. h3 Bxf3 9. Nxf3 Nc6 10. d5 Nb8 11. c4 a6 12. b3 Nxe4 13. Bxe4 Bxa1 14. f5
Nd7 15. Bh6 Bc3+ 16. Nd2 Bg7 17. Bxg7 Kxg7 18. O-O Nf6 19. Bc2 b5 20. Ne4 bxc4
21. bxc4 Nxe4 22. Bxe4 e5 23. dxe6 fxe6 24. f6+ Rxf6 25. Rxf6 Qxf6 26. Bxa8
Qd4+ 27. Qxd4+ cxd4 28. Kf2 Kf6 29. Kf3 Ke5 30. a4 a5 31. g4 g5 32. Be4 h6 33.
Bc2 d5 34. c5 Kf6 35. Bd3 e5 36. Bf5 Ke7 37. c6 Kd6 38. c7 Kxc7 39. Bd3 Kd6 40.
Bb5 Kc5 41. Ke2 e4 42. Kd2 Kd6 43. Bf1 Ke5 44. Ba6 Kf4 45. Bb7 Ke5 46. Ke2 d3+
47. Ke3 d4+ 48. Kd2 Kf4 49. Bc6 e3+ 50. Kxd3 Kg3 51. Ba8 Kf2 0-1

[Event "Detroit (MOR/7/46)"]
[Site "?"]
[Date "1994.??.??"]
[Round "?"]
[White "Mahabir, Jagdesh"]
[Black "Oprean, G."]
[Result "0-1"]
[WhiteElo "1605"]
[BlackElo "1605"]
[PlyCount "84"]
[EventDate "1994.??.??"]

{7/(46)} 1. d4 d5 2. e3 Nf6 3. Bd3 c5 4. c3 c4 5. Bc2 Nc6 6. Nd2 b5 7. f4 e6 8.
a3 a6 9. Ngf3 Bd6 10. Ne5 Ne7 11. O-O Bb7 12. Rf3 Nf5 13. Rh3 O-O 14. g4 Nxe3
15. Rxe3 g6 16. f5 exf5 17. gxf5 Nh5 18. Qg4 Bc8 19. Rh3 Kh8 20. Ndf3 Qe8 21.
Qh4 Be7 22. Qg4 Rg8 23. Kf2 Nf6 24. Qf4 Rg7 25. Ng5 Ng8 26. Ngxf7+ Rxf7 27.
Nxf7+ Qxf7 28. Qe5+ Bf6 29. Qd6 Be7 30. Qc7 Bh4+ 31. Rxh4 Qxc7 32. fxg6 h6 33.
Bxh6 Nxh6 34. Rxh6+ Kg8 35. Re1 Qf4+ 36. Kg1 Qxh6 37. Re8+ Kg7 38. Re7+ Kf6 39.
Rf7+ Ke6 40. Bf5+ Kd6 41. Rf6+ Ke7 42. Rf7+ Ke8 0-1

[Event "Detroit (MOR/3/39)"]
[Site "?"]
[Date "1994.??.??"]
[Round "?"]
[White "Mahabir, Jagdesh"]
[Black "Nikitin, M."]
[Result "0-1"]
[WhiteElo "1605"]
[BlackElo "1605"]
[PlyCount "108"]
[EventDate "1994.??.??"]

{3/(39)} 1. d4 Nf6 2. e3 g6 3. Bd3 d5 4. f4 Bg4 5. Nf3 Bg7 6. Nbd2 a6 7. h3 Bd7
8. b3 Nc6 9. Bb2 Nb4 10. Qe2 O-O 11. c3 Nxd3+ 12. Qxd3 Bf5 13. Qe2 Ne4 14. Nxe4
Bxe4 15. Ng5 e6 16. Nxe4 dxe4 17. g4 Qh4+ 18. Qf2 Qxf2+ 19. Kxf2 f5 20. g5 Rfd8
21. h4 c5 22. h5 Rac8 23. h6 Bh8 24. Rac1 Rd7 25. Rhd1 cxd4 26. cxd4 Rdc7 27.
Rxc7 Rxc7 28. Rc1 Rxc1 29. Bxc1 Kf7 30. Ba3 Ke8 31. Bd6 Kd7 32. Bf8 Bxd4 33.
exd4 Kc6 34. a4 b5 35. Bc5 bxa4 36. bxa4 Kd5 37. Ke3 Kc4 38. a5 Kc3 39. Ba3 Kc2
40. Bb4 Kb3 41. Be1 Kc4 42. Bd2 Kd5 43. Bc3 Kc4 44. Bb2 Kb4 45. d5 exd5 46. Kd4
Kxa5 47. Bc3+ Kb5 48. Kxd5 a5 49. Bxa5 Kxa5 50. Kd4 Kb4 51. Ke3 Kc3 52. Ke2 Kd4
53. Kd2 e3+ 54. Ke2 Ke4 0-1

[Event "Eastpointe (US Am N/4/34)"]
[Site "?"]
[Date "1994.??.??"]
[Round "?"]
[White "Mahabir, Jagdesh"]
[Black "McFolley, John"]
[Result "1-0"]
[WhiteElo "1605"]
[BlackElo "1605"]
[PlyCount "47"]
[EventDate "1994.??.??"]

{4/(34)} 1. d4 Nf6 2. e3 d5 3. Bd3 e6 4. f4 Nbd7 5. Nd2 Be7 6. Ngf3 c5 7. c3
Ng4 8. Qe2 Bh4+ 9. g3 Be7 10. Ne5 Ngxe5 11. fxe5 Nb6 12. O-O Qc7 13. Qf3 Bg5
14. Bb5+ Kd8 15. h4 Bh6 16. Bd3 c4 17. Bc2 g6 18. Qf6+ Kd7 19. Qxh8 Bxe3+ 20.
Kg2 Kc6 21. Qe8+ Bd7 22. Qxf7 g5 23. Qe7 gxh4 24. Qc5# 1-0

[Event "Detroit (Class DE/4/11)"]
[Site "?"]
[Date "1994.??.??"]
[Round "?"]
[White "Mahabir, Jagdesh"]
[Black "Mailing, Don"]
[Result "0-1"]
[WhiteElo "1605"]
[BlackElo "1605"]
[PlyCount "74"]
[EventDate "1994.??.??"]

{4/(11)} 1. e4 e6 2. Nf3 d5 3. e5 Ne7 4. d4 Nf5 5. Bd3 Bb4+ 6. Bd2 Bxd2+ 7.
Nbxd2 Nc6 8. Bxf5 exf5 9. Nb3 O-O 10. Nfd2 Re8 11. f4 f6 12. O-O fxe5 13. fxe5
Be6 14. Nf3 Rf8 15. Nc5 Qc8 16. Ng5 Nd8 17. Qh5 h6 18. Qg6 hxg5 19. Rf3 g4 20.
Re3 Bf7 21. Qg5 b6 22. Nd3 Ne6 23. Qxf5 Nxd4 24. Qf4 Nxc2 25. Rae1 Nxe1 26.
Rxe1 Be6 27. Qg5 Rf5 28. Qxg4 Rf1+ 29. Rxf1 Bxg4 30. Nf4 Qd7 31. Ng6 Qe6 32.
Nf4 Qxe5 33. Ng6 Qe4 34. Nf4 Rf8 35. g3 g5 36. h3 Qe3+ 37. Rf2 Bd7 0-1